000 00831nam a2200229 i 4500
003 DO-SdBNP
005 20250130130601.0
007 ta
008 230815n dr ||||| |||| 00| 0 spa d
040 _aDO-SdBNP
_bspa
_cBNPHU
_erda
082 4 _axxx
_bR426pr
_222
110 1 _aRepública Dominicana.
_bSecretaría de Estado de Educación, Bellas Artes y Cultos
_923965
240 _a(Ley no. 842'50)
245 1 0 _aProgramas de la educación primaria :
_b(plan de estudios, ordenanza no 842'50). Sexto curso
264 1 _aCiudad Trujillo, R. D. :
_bSecretaría de Estado de Educación, Bellas Artes y Cultos,
_c[190?].
300 _a39 páginas ;
_c22 cm.
336 _atexto
_btxt
_2rdacontent
337 _asin mediación
_bn
_2rdamedia
338 _avolumen
_bnc
_2rdacarrier
590 _aInventariado 2023 / MF
942 _2ddc
_cLF2
999 _c54414
_d54414